| 000 | 01387nam a22002897a 4500 | ||
|---|---|---|---|
| 003 | OSt | ||
| 005 | 20260414092053.0 | ||
| 008 | 260413t2012 xxu||||| |||| 00| 0 spa d | ||
| 020 | _a9789587411959 | ||
| 040 |
_aUnicoc _bspa _c00001 _d00001 |
||
| 082 | _a344.861 | ||
| 100 |
_912932 _aHerrera Robles, Aleksey |
||
| 245 |
_aAspectos generales del derecho administrativo colombiano _c/ Aleksey Herrera Robles |
||
| 250 | _a3 Ed. | ||
| 260 |
_aBarranquilla : _bUniversidad del Norte , _c2012. |
||
| 300 | _a806 páginas | ||
| 500 | _aIncluye referencias bibliográficas | ||
| 505 |
_tTítulo 1. Nociones generales. -- _tTítulo 2. Aspectos orgánicos del derecho administrativo. -- _tTítulo 3. Aspectos materiales del derecho administrativo. -- _tTítulo 4. Teoría general del acto administrativo. -- _tTítulo 5. Principio de legalidad. -- _tTítulo 6. Régimen de contratación estatal. -- |
||
| 526 | _5Unicoc | ||
| 546 | _aEspañol | ||
| 650 | 0 |
_9555 _aDerecho administrativo _zColombia |
|
| 650 | 0 |
_9549 _aProcedimiento administrativo _zColombia |
|
| 650 | 0 |
_9554 _aDerecho administrativo _vOrigen y aplicaciones |
|
| 658 | 0 |
_98008 _aPrograma de Derecho |
|
| 856 |
_yAcceso online exclusivo para comunidad Unicoc. _uhttps://unicoceduco-my.sharepoint.com/:b:/g/personal/direccionbiblioteca_unicoc_edu_co/IQDv0ZXbcZB8QrX3BcJFnjGYAWPEV6a2LIwT1zEAT2AcAKc |
||
| 942 |
_2ddc _cEBOOK |
||
| 999 |
_c10841 _d10841 |
||